000 00192 a2200097 4500
020 _a9780689810992
041 _aspa
100 _aAlma Flor Ada
245 _aMe llamo Maria Isabel
942 _cBK
999 _c12926
_d12926